000 00901nam a2200253 i 4500
001 bg
245 7 0 _aModeling, mesh generation and adaptive numerical methods for partial differential equations /
_c[edited by] Ivo Babuska [et. al.].
260 _aNew York [et al.] :
_bSpringer,
_c1995.
300 _aXIX, 450 s. :
_brys., wykr. ;
_c24 cm.
490 1 _aThe IMA Volumes in Mathematics and Its Applications
500 _aBased on the proceedings of the 1993 IMA summer program.
650 9 _aRównania różniczkowe cząstkowe
650 9 _aAnaliza numeryczna
655 _aMateriały konferencyjne
700 1 _aBABUSKA, Ivo.
_eRed.
830 _aThe IMA Volumes in Mathematics and Its Applications
020 _a0387945423
040 _cBPK
041 0 _aen
080 _a517.95:519.63](061.3)
920 _a0-387-94542-3
942 _cKS
008 s pl f |000 0 pol
999 _c30943
_d30943
856 _uhttp://koha.tu.koszalin.pl/cgi-bin/koha/opac-detail.pl?biblionumber=30943
_yKatalog online BPK